Представление документа в формате MARC21

ПолеНазваниеЗначение
  Тип записи a
  Библиографический уровень m
001 Контрольный номер RU\infra-m\znanium\bibl\2226144
005 Дата корректировки 20260429142111.4
008 Кодируемые данные 250912s2025 RU g rus u
020 Индекс ISBN __
a ISBN 978-5-9729-2676-3
040 Источник каталогиз. __
a Служба первич. каталог. Общество с ограниченной ответственностью «ЗНАНИУМ»
041 Код языка издания __
a Код языка текста rus
044 Код страны публикации __
a Код страны публикации RU
080 Индекс УДК __
a Индекс УДК 637
084 Индекс другой классификации/Индекс ББК __
2 Источник индекса rubbk
a Индекс другой классификации/Индекс ББК 369
084 Индекс другой классификации/Индекс ББК __
2 Источник индекса okso
a Индекс другой классификации/Индекс ББК 19.03.01
084 Индекс другой классификации/Индекс ББК __
2 Источник индекса okso
a Индекс другой классификации/Индекс ББК 19.03.02
084 Индекс другой классификации/Индекс ББК __
2 Источник индекса okso
a Индекс другой классификации/Индекс ББК 19.03.03
084 Индекс другой классификации/Индекс ББК __
2 Источник индекса okso
a Индекс другой классификации/Индекс ББК 19.03.04
100 Автор __
a Автор Табакаев А.В.
q Полное имя Табакаев Антон Вадимович
u Дополнение Дальневосточный федеральный университет
245 Заглавие __
a Заглавие Рациональная переработка вторичного мясного сырья
b Продолж. заглавия Учебное пособие
c Ответственность Дальневосточный федеральный университет
250 Сведения об издании __
a Основные сведения об издании 1
260 Выходные данные __
a Место издания Вологда
b Издательство Инфра-Инженерия
c Дата издания 2025
300 Физическое описание __
a Объем 132 с.
520 Аннотация __
a Аннотация Содержит наиболее полное описание теоретических основ и практических приемов касающихся вопросов комплексной переработки и рационального использования сырья животного происхождения используемого при производстве мясных продуктов. В достаточном объеме освещены вопросы использования вторичного белкового сырья в эмульгированных и мясных продуктах. Для студентов высших учебных заведений обучающихся по направлениям подготовки в рамках УГСН 19.00.00 «Промышленная экология и биотехнологии» и студентов других специальностей и направлений подготовки технологического профиля а также преподавателей вузов аспирантов технологов и всех заинтересованных лиц.
521 Примеч. о цел. назн. __
a Примеч. о целев. назн. ВО - Бакалавриат
650 Тематические рубрики __
a Основная рубрика Промышленность. Энергетика
x Основная подрубрика Процессы и аппараты пищевых производств
655 Указ. предметных рубрик (устаревшее) __
a Жанр/ форма (устаревшее) Учебное пособие
700 Другие авторы __
a Другие авторы Лях В.А.
q Полное имя Лях Владимир Алексеевич
u Дополнение Дальневосточный федеральный университет
700 Другие авторы __
a Другие авторы Табакаева О.В.
q Полное имя Табакаева Оксана Вацлавовна
u Дополнение Дальневосточный федеральный университет
856 Электронный адрес документа 4_
a Имя сервера/домена znanium.ru
m Помощь ebs_support@infra-m.ru
n Местонахождение сервера НИЦ ИНФРА-М
u URL https://znanium.ru/catalog/document?id=469696
856 Электронный адрес документа 48
a Имя сервера/домена znanium.ru
d Путь /cover/2226
f Электронное имя 2226144.jpg
u URL https://znanium.ru/cover/2226/2226144.jpg
911 __
u 0030=https://znanium.ru/catalog/document?id=469696